ALGEBRA (Record no. 9396)

MARC details
000 -LEADER
fixed length control field 00374nam a22001697a 4500
003 - CONTROL NUMBER IDENTIFIER
control field SGT
020 ## - INTERNATIONAL STANDARD BOOK NUMBER
International Standard Book Number 9789332549838
082 ## - DEWEY DECIMAL CLASSIFICATION NUMBER
Classification number 510
100 ## - MAIN ENTRY--PERSONAL NAME
Personal name ARTIN, MICHAEL
245 ## - TITLE STATEMENT
Title ALGEBRA
250 ## - EDITION STATEMENT
Edition statement 2ND
260 ## - PUBLICATION, DISTRIBUTION, ETC. (IMPRINT)
Place of publication, distribution, etc NEW DELHI
Name of publisher, distributor, etc PEARSON
Year of Publication 2016
300 ## - PAGE DESCRIPTION
No. of Pages 476
650 ## - SUBJECT ADDED ENTRY--TOPICAL TERM
Topical term or geographic name as entry element MATHEMATICS
653 ## - KEYWORDS--INDEX TERM
Keyword term MATRICES,VECTOR SPACES, LINEAR OPERATORS
942 ## - ADDED ENTRY ELEMENTS (KOHA)
Source of classification or shelving scheme Dewey Decimal Classification
Koha item type FPS Books
942 ## - ADDED ENTRY ELEMENTS (KOHA)
-- 1
Holdings
Withdrawn status Lost status Source of classification or shelving scheme Damaged status Not for loan Collection code Home library Current library Shelving location Date acquired Vendor Name Cost, normal purchase price SGTU Bill Number Full call number Accession No. (Barcode) Date last seen Bill Date Koha item type Total Checkouts Date last borrowed
    Dewey Decimal Classification   Not For Loan SCIENCE SGT Science & Social Sciences Library SGT Science & Social Sciences Library Reference Book 01/07/2016 AHUJA BOOK 399.00 SGTU 6680 510 PS1474 01/07/2016 03/03/2016 FPS Books    
    Dewey Decimal Classification     SCIENCE SGT Science & Social Sciences Library SGT Science & Social Sciences Library Text Book 10/09/2016 AHUJA BOOK 419.00 SGTU 7232 510 PS2264 18/08/2025 08/08/2016 FPS Books 1 21/06/2025
    Dewey Decimal Classification     SCIENCE SGT Science & Social Sciences Library SGT Science & Social Sciences Library Text Book 10/09/2016 AHUJA BOOK 419.00 SGTU 7232 510 PS2265 29/12/2017 08/08/2016 FPS Books 1 12/12/2017
    Dewey Decimal Classification     SCIENCE SGT Science & Social Sciences Library SGT Science & Social Sciences Library Text Book 10/09/2016 AHUJA BOOK 419.00 SGTU 7232 510 PS2266 28/02/2023 08/08/2016 FPS Books 1 20/02/2023